Selena Gomez - Paroles Love You Like A Love Song - Statistiques

Statistiques générales
  • Ce quiz a été pris 83 fois
  • Le résultat moyen est 318 sur 373
Statistiques - réponses
Hint Réponse % Correct
a
100%
A
100%
I
100%
Refrain I,
100%
(I
100%
l
98%
l,
98%
(l
98%
Like
98%
like
98%
So
98%
song,
98%
song
98%
You
98%
you
98%
you)
98%
love
97%
(oh)
97%
baby
92%
and
91%
And
91%
it
88%
beautiful
83%
by
83%
on
83%
Every
81%
every
81%
Couplet 1 It's
81%
to
81%
To
81%
are
80%
my
80%
peat
80%
do
78%
no
78%
Bridge No
78%
repeat
78%
been
77%
me
73%
the
73%
want
73%
know,
72%
one
70%
your
70%
heart
69%
that
69%
now,
67%
right
67%
already
66%
play
66%
dream
64%
guess
64%
keep
64%
what
64%
another
63%
come
63%
done
63%
Music
63%
magical,
61%
alone
58%
alive,
56%
life
56%
mind
56%
of
56%
said
56%
goes
55%
incredible
55%
I've
55%
stand
55%
thought's
55%
free
53%
here's
53%
lyrical
53%
lyrical,
53%
melody
53%
set
53%
That's
53%
record
52%
again
50%
own
50%
rescued
50%
symphony
50%
am
48%
best
48%
compares
48%
feels
48%
With
48%
saved
47%
sung
47%
will
47%
Boy,
45%
just
45%
destiny
44%
There's
44%
way
44%
describe
42%
'em
42%
hypnotized
42%
through
39%
miracle,
38%
hittin'
36%
hitting
36%
Couplet 2 Constantly
23%
centerfold,
14%
Aucun quiz correspondant
Distribution des résultats
% des personnes avec chaque résultat
Percentile par nombre de réponses
Votre historique - résultats
Vous n’avez pas pris ce quiz